Evaluation of training of rural youth self- employment(trysem) in Rajasthan(a case study of Dholpur and Rajagkhera blocks in the district of Bharatpur) (Record no. 499618)
[ view plain ]
| 000 -LEADER | |
|---|---|
| fixed length control field | 00488cam a22001217a 4500 |
| 008 - FIXED-LENGTH DATA ELEMENTS--GENERAL INFORMATION | |
| fixed length control field | 180718b1982 xxu||||| |||| 00| 0 eng d |
| 082 ## - DEWEY DECIMAL CLASSIFICATION NUMBER | |
| Classification number | Q45x5434 In2 |
| 100 ## - MAIN ENTRY--PERSONAL NAME | |
| Personal name | Mishra, S.N. |
| 245 ## - TITLE STATEMENT | |
| Title | Evaluation of training of rural youth self- employment(trysem) in Rajasthan(a case study of Dholpur and Rajagkhera blocks in the district of Bharatpur) |
| Statement of responsibility, etc. | by S.N. Mishra and B.M. Verma |
| 260 ## - PUBLICATION, DISTRIBUTION, ETC. | |
| Place of publication, distribution, etc. | Delhi |
| Name of publisher, distributor, etc. | Indian Institute of Public Administration |
| Date of publication, distribution, etc. | 1982 |
| 300 ## - PHYSICAL DESCRIPTION | |
| Extent | 140+p. |
| 700 ## - ADDED ENTRY--PERSONAL NAME | |
| Personal name | Verma, B.M. |
| Withdrawn status | Lost status | Damaged status | Not for loan | Permanent Location | Current Location | Date acquired | Full call number | Barcode | Date last seen | Price effective from | Koha item type |
|---|---|---|---|---|---|---|---|---|---|---|---|
| Indian Institute of Public Administration | Indian Institute of Public Administration | 2018-08-04 | Q45x5434 In2 | GR11794 | 2018-08-04 | 2018-08-04 | GR | ||||
| Indian Institute of Public Administration | Indian Institute of Public Administration | 2018-08-04 | Q45x5434 In2 | GR11793 | 2018-08-04 | 2018-08-04 | GR | ||||
| Indian Institute of Public Administration | Indian Institute of Public Administration | 2018-08-04 | Q45x5434 In2 | GR11026 | 2018-08-04 | 2018-08-04 | GR | ||||
| Indian Institute of Public Administration | Indian Institute of Public Administration | 2018-08-04 | Q45x5434 In2 | GR11025 | 2018-08-04 | 2018-08-04 | GR |
